000 00583nam a2200217Ia 4500
003 OSt
005 20221002054846.0
006 a|||||r|||| 00| 0
007 ta
008 220930b |||||||| |||| 00| 0 eng d
024 _a70944
037 _cReference Collections
040 _aCRL
_cCRL
_beng
041 _2eng
_aeng
082 _aO111,3L75a, M2(RR)
100 _aGilson David Au.
_9576400
245 0 _aBibliography of jane austen
260 _c1979
942 _hO111,3L75a, M2(RR)
_cref
_2CC
999 _c926066
_d926066